| 000 | 00545nmm a2200169Ia 4500 | ||
|---|---|---|---|
| 008 | 251105s9999||||xx |||||||||||||||||und|| | ||
| 020 | _a9788488730619 | ||
| 041 | _aspa | ||
| 100 | _aBrook, Peter | ||
| 245 | 0 |
_aLa puerta abierta : _b Reflexiones sobre la interpretación y el teatro |
|
| 264 |
_a[Madrid, España] : _bAlba Editorial, _c[Fecha de publicación no identificada] |
||
| 300 | _a144 páginas | ||
| 490 | _aArtes escénicas | ||
| 650 | _aTheater / Drama | ||
| 856 | _uhttps://public.digitaliapublishing.com/a/80265 | ||
| 942 | _cCF | ||
| 999 |
_c87048 _d87048 |
||